| 000 | 00367nam a2200145Ia 4500 | ||
|---|---|---|---|
| 008 | 191201s2007 xx 000 0 und d | ||
| 082 |
_a658.18 _bSHI- |
||
| 100 | _aSHARAN, Vyuptakesh | ||
| 245 | 0 | _aInternational Business: Concept, Environment and Strategy | |
| 250 | _a2nd | ||
| 260 |
_aN.Delhi _bPearson _c2007 |
||
| 300 | _a554 | ||
| 650 | _aMBA | ||
| 942 |
_2ddc _cBK |
||
| 999 |
_c3488 _d3488 |
||